| 000 | 00987cam a2200301 a 4500 | ||
|---|---|---|---|
| 001 | 000004008 | ||
| 005 | 20200929150649.0 | ||
| 008 | 890720s1990 ag 000 f spa | ||
| 020 | _a950370023X | ||
| 040 |
_aDO-SdBNP _bspa _cBNPHU |
||
| 041 | 1 | 7 |
_aspa _heng _2Código de idioma MARC |
| 082 |
_a813.54 _bH638ó, 1988 |
||
| 100 | 1 |
_aHighsmith, Patricia, _d1921-1995. _911981 |
|
| 240 | 1 | 0 |
_aEleven. _lEspañol |
| 245 | 1 | 0 |
_aOnce relatos / _cPatricia Highsmith ; traducción, P. Elías ; prólogo, Grahan Greene. |
| 250 | _a4a ed., 2a reimpr. | ||
| 260 |
_aArgentina : _bPlaneta, _c1990. |
||
| 300 |
_a185 p. ; _c21 cm. |
||
| 440 | 0 |
_aContemporánea; _v34 _99108 |
|
| 534 |
_pTítulo original: _tEleven |
||
| 650 | 4 |
_aNovela estadounidense _9262 |
|
| 650 | 4 |
_aNovela policíaca estadounidense _911997 |
|
| 650 | 4 |
_aLiteratura estadounidense _9263 |
|
| 700 | 1 |
_aElía, P., _etr. _911998 |
|
| 700 | 1 |
_aGreene, Grahan, _epról. _911999 |
|
| 910 | _aCatalogación derivada | ||
| 910 | _aWM | ||
| 999 |
_c3827 _d3827 |
||